Word in a Word Quiz Stats

 Plays Quiz Updated Aug 13, 2017

Challenge
Share
Tweet
Embed
Score 0/30 Timer 07:00
0 Plays Today
Category Hidden Words? % Correct
Hidden birds?crow
91.8%
Hidden birds?robin
91.3%
Hidden car brands and models?Ford
91.3%
Hidden food items?corn
90.7%
Hidden world capitals?Paris
88.1%
Hidden body parts?ankle
88.1%
Hidden liquids?honey
87.5%
Hidden body parts?nose
85.6%
Hidden birds?ibis
83.2%
Hidden liquids?ink
81.5%
Hidden body parts?shin
80.5%
Hidden food items?chip
80.2%
Hidden liquids?wine
79.6%
Hidden birds?owl
77%
Hidden world capitals?Bern
76.3%
Category Hidden Words? % Correct
Hidden car brands and models?Audi
75.5%
Hidden food items?nut
75.4%
Hidden liquids?oil
75.3%
Hidden food items?yam
74.9%
Hidden liquids?urine
70.8%
Hidden body parts?iris
69.9%
Hidden car brands and models?Kia
68.3%
Hidden world capitals?Rome
67%
Hidden body parts?rib
64.4%
Hidden car brands and models?Mini
60.6%
Hidden world capitals?Riga
60.2%
Hidden food items?ramen
59%
Hidden car brands and models?Opel
57.3%
Hidden birds?emu
41.2%
Hidden world capitals?Dili
41.2%

You're not logged in!

Compare scores with friends on all Sporcle quizzes.
OR
Log In

You Might Also Like...

Show Comments

Extras

Top Quizzes Today


Score Distribution

Your Account Isn't Verified!

In order to create a playlist on Sporcle, you need to verify the email address you used during registration. Go to your Sporcle Settings to finish the process.

Report this User

Report this user for behavior that violates our Community Guidelines.

Details: